|
|
|
|
| LEADER |
01042nab#a2200337#ar4500 |
| 001 |
000095621 |
| 003 |
SVKKK |
| 005 |
20090520143238.0 |
| 008 |
080509c2008 xo |||||||||||||||b|eng |
| FMT |
|
|
|
| 015 |
|
|
|a SNBRB2009/05
|
| 038 |
|
|
|a SVKKK
|
| 040 |
|
|
|a SVKKK
|b slo
|e AACR2
|
| 041 |
0 |
|
|a eng
|
| 044 |
|
|
|a xo
|c SK
|
| 080 |
|
|
|a 556.551
|2 1997
|
| 100 |
1 |
|
|a Sala, D.
|4 aut
|
| 242 |
1 |
0 |
|a Predbežné výsledky geochemických výskumov zosuvných jazier v Národnom parku Babia Góra
|
| 245 |
1 |
0 |
|a Preliminary results of geochemical investigations of landslide lakes in the Babia Góra National Park
|c D. Sala, G. Rzepa
|
| 650 |
0 |
4 |
|a zosuvné jazerá
|x geochémia
|z Západné Karpaty (Poľsko)
|
| 651 |
|
4 |
|a Národný park Babia Góra (Poľsko)
|x zosuvné jazerá
|
| 700 |
1 |
|
|a Rzepa, G.
|4 aut
|
| 773 |
0 |
|
|t Mineralia slovaca
|g Roč. 40, č. 3-4 (2008)
|x 0369-2086
|
| 773 |
0 |
|
|i Príl.:
|t Geovestník
|g Č. 3-4 (2008), s. 271
|
| 958 |
|
|
|a PL
|
| 974 |
|
|
|a Ni
|
| 992 |
|
|
|a RBX
|
| BAS |
|
|
|
| 852 |
|
|
|a SVKKK
|b BIB
|
| EXP |
|
|
|
| 998 |
|
|
|a GEO
|